000 00595nai a2200181Ia 4500
003 IN-BaIIA
008 211028c9999 xx s 000 0 eng d
022 _a2190-9733 (Print)
022 _a2190-9741 (Online)
040 _cIIA Library
245 0 _aEuropean Actuarial Journal
_h[eJournal]
260 _aHeidelber, Germany
_bSpringer Berlin Heidelberg
310 _aBi-annually
362 _a1(1); 2011 - Present
521 _bSubscribed through National Knowledge Resource Consortium (NKRC)
856 _uhttps://www.springer.com/journal/13385
_yClick Here to Access eJournal
942 _cEJ
999 _c34344
_d34344